| 000 | 01961cam a2200325 a 4500 | ||
|---|---|---|---|
| 999 |
_c23476 _d23476 |
||
| 001 | 16251559 | ||
| 005 | 20170126114225.0 | ||
| 008 | 100525s2011 paua b 001 0 eng | ||
| 010 | _a 2010022113 | ||
| 020 | _a9780812242782 (hardcover : alk. paper) | ||
| 020 | _a0812242785 (hardcover : alk. paper) | ||
| 035 | _a(OCoLC)ocn632228553 | ||
| 050 | 0 | 0 | _aNA730.P4 A73 2011 |
| 082 | 0 | 0 |
_a720.9748 _222 |
| 245 | 0 | 0 |
_aArchitecture and landscape of the Pennsylvania Germans, 1720-1920 / _cedited by Sally McMurry and Nancy Van Dolsen. |
| 260 |
_aPhiladelphia : _bUniversity of Pennsylvania Press, _cc2011. |
||
| 300 |
_axiv, 250 p. : _bill. ; _c27 cm. |
||
| 504 | _aIncludes bibliographical references (p.[229]-237) and index. | ||
| 505 | 0 | _aIntroduction: architecture and landscape of the Pennsylvania Germans, 1720-1920 / Sally McMurry and Nancy Van Dolsen -- Landscapes / Gabrielle Lanier -- Rural houses / Sally McMurry -- Domestic outbuildings / Philip E. Pendleton -- Barns and agricultural outbuildings / Sally McMurry and J. Ritchie Garrison -- Town house: from borough to city, Lancaster's changing streetscape / Bernard L. Herman, Thomas Ryan, and David Schuyler -- Commerce and culture: Pennsylvania German commercial vernacular architecture / Diane Wenger and J. Ritchie Garrison -- Religious landscapes / Jerry Clouse. | |
| 650 | 0 |
_aVernacular architecture _zPennsylvania _zPennsylvania Dutch Country. |
|
| 650 | 0 |
_aCultural landscapes _zPennsylvania _zPennsylvania Dutch Country. |
|
| 700 | 1 |
_aMcMurry, Sally Ann, _d1954- |
|
| 700 | 1 | _aVan Dolsen, Nancy. | |
| 942 |
_2lcc _cBOOKS |
||